Spracovanie prašného termoplastového odpadu

Gespeichert in:
Bibliographische Detailangaben
1. Verfasser: Ďurika, Tobias (Verfasst von)
Weitere Verfasser: Gondár, Ernest (Betreuung Doktorarbeit)
Format: Manuskript Buch
Sprache:Slowakisch
Veröffentlicht: 2021
Schlagworte:
Online-Zugang:http://is.stuba.sk/zp/portal_zp.pl?podrobnosti=166348
Tags: Tag hinzufügen
Keine Tags, Fügen Sie das erste Tag hinzu!

MARC

LEADER 00000ntm a22000003a 4500
001 stuzp85781
003 SK-STU
005 20210717210650.4
007 ta
008 150427s2015----xo-----f-mn---000-0-slo-d
040 |a STU  |b slo 
041 0 |a slo 
100 1 |a Ďurika, Tobias  |u 020050  |4 aut  |U SjF Strojnícka fakulta  |T SjF Ústav technológií a materiálov  |X 88256  |U J0050  |Y 803  |7 88256 
242 0 1 |a Processing of powder thermoplastic waste  |y eng 
245 1 0 |a Spracovanie prašného termoplastového odpadu 
260 |c 2021 
650 4 |a prašný plastový odpad  |2 slo 
650 4 |a recyklácia  |2 slo 
650 4 |a kompozitné materiály  |2 slo 
650 4 |a 3D tlač  |2 slo 
650 4 |a powder plastic waste  |2 eng 
650 4 |a recycling  |2 eng 
650 4 |a composite materials  |2 eng 
650 4 |a 3D printing  |2 eng 
700 1 |a Gondár, Ernest  |u 020050  |k Z1  |4 ths  |U SjF Strojnícka fakulta  |T SjF Ústav technológií a materiálov  |X 2373  |U J0050  |Y 803  |7 A000002373 
856 4 |u http://is.stuba.sk/zp/portal_zp.pl?podrobnosti=166348 
996 |b 284J046609  |c J* 3289/DBP  |l JJSK  |s A  |a 24  |w stuzp85781_0001